书目信息 |
| 题名: |
给领导干部提个醒
|
|
| 作者: | 顾伯冲 著 | |
| 分册: | ||
| 出版信息: | 北京 人民日报出版社 2019 |
|
| 页数: | 235页 | |
| 开本: | 21cm | |
| 丛书名: | ||
| 单 册: | ||
| 中图分类: | D263.3 | |
| 科图分类: | ||
| 主题词: | ||
| 电子资源: | ||
| ISBN: | 978-7-5115-6168-8 | |
| 000 | 01270nam0 2200241 450 | |
| 001 | 012024000145 | |
| 005 | 20260409165741.38 | |
| 010 | @a978-7-5115-6168-8@dCNY46.00 | |
| 100 | @a20240924d2019 em y0chiy50 ea | |
| 101 | 0 | @achi |
| 102 | @aCN@b110000 | |
| 105 | @ay z 000yy | |
| 200 | 1 | @a给领导干部提个醒@Agei ling dao gan bu ti ge xing@e新时代为官之道初探@f顾伯冲著 |
| 210 | @a北京@c人民日报出版社@d2019 | |
| 215 | @a235页@d21cm | |
| 314 | @a顾伯冲,中国作家协会会员、中国散文学会理事。先后履职于中央党政军机关,出版多部著作。曾获第四届全国“冰心散文奖”,部分作品被收入国家图书馆藏、高校《实用语文》教科书以及部分省市高考参考资料。 | |
| 330 | @a本书围绕可能影响领导干部在仕途上行稳致远的诸种因素,以提醒谈话、“拉拉袖子”的形式,精选作者近年来在理论与时评领域的力作,尤其是影响较大的政论文首次结集出版。文章取材都是身边常见的现象,但又不囿于一人一事,能从纷纭的现象中抓住一些共同的要津。其中,许多论述与观点立论高妙、文风活泼,既用通俗化的语言表达,又有直指人心的畅快感,具有较高的思想理论价值。本书可作为党性修养的读物,也可作为修身润心的佳酿。 | |
| 517 | 1 | @a新时代为官之道初探 |
| 601 | 02 | @a中国共产党@x党员@x党性@x修养@j学习参考资料 |
| 690 | @aD263.3@v5 | |
| 701 | 0 | @a顾伯冲@Agu bo chong@4著 |
| 801 | 0 | @aCN@bAHXH@c20240924 |
| 905 | @b214135737@dD263.3@e2064@f1 | |
| 给领导干部提个醒:新时代为官之道初探/顾伯冲著.-北京:人民日报出版社,2019 |
| 235页;21cm |
| ISBN 978-7-5115-6168-8:CNY46.00 |
| 本书围绕可能影响领导干部在仕途上行稳致远的诸种因素,以提醒谈话、“拉拉袖子”的形式,精选作者近年来在理论与时评领域的力作,尤其是影响较大的政论文首次结集出版。文章取材都是身边常见的现象,但又不囿于一人一事,能从纷纭的现象中抓住一些共同的要津。其中,许多论述与观点立论高妙、文风活泼,既用通俗化的语言表达,又有直指人心的畅快感,具有较高的思想理论价值。本书可作为党性修养的读物,也可作为修身润心的佳酿。 |
| ● |
| 相关链接 |
|
|
|
|
正题名:给领导干部提个醒
索取号:D263.3/2064
 
预约/预借
| 序号 | 登录号 | 条形码 | 馆藏地/架位号 | 状态 | 备注 |
| 1 | 1413573 | 214135737 | 第一样本阅览室/ [索取号:D263.3/2064] | 在馆 | |
| 2 | 1442513 | 214425139 | 第一借阅区/ [索取号:D263.3/2064] | 在馆 |